| 000 | 00859nam a22002537a 4500 | ||
|---|---|---|---|
| 999 |
_c2744 _d2744 |
||
| 003 | AR-CdUCM | ||
| 008 | 190305b ||||| |||| 00| 0 spa d | ||
| 040 |
_aMUNICIPALIDAD PROVINCIAL DEL CUSCO _cBIBLIOTECA MUNICIPAL DEL CUSCO |
||
| 041 | _heng | ||
| 082 |
_a321.4 / _bSA26 |
||
| 100 |
_aSartori, Giovanni _99584 |
||
| 245 | _aAspectos de la Democracia / | ||
| 260 |
_aMexico : _bLimusa - Wiley, _c1965. |
||
| 300 |
_a475 paginas ; _c24cm. |
||
| 505 | _aContenido- Democracia Etimologica -- El quid pro quo del realismo politico -- Perfeccionismo y utopia -- Democracia gobernada -- Democracia jefatura y elite... | ||
| 650 |
_aDemocracia _92598 |
||
| 650 |
_aGobierno _92618 |
||
| 650 |
_aMexico _918 |
||
| 650 |
_aLeyes _94808 |
||
| 700 |
_aCastillo Dibildox, Rafael _99585 |
||
| 700 |
_aEsteve, Martin _99586 |
||
| 942 |
_2ddc _cLIBROS |
||
| 945 | _apjha | ||